|
|
|
|
| LEADER |
00000cam a2200000 7i4500 |
| 001 |
0000003755 |
| 005 |
20151222.0 |
| 008 |
070719 |
| 020 |
|
|
|a 9679714977
|
| 020 |
|
|
|a 9679715035(set)
|
| 090 |
0 |
0 |
|a JF
|b MAL
|
| 100 |
0 |
|
|a Roshana binti Aziz
|
| 245 |
1 |
0 |
|a Tuah sebiji epal
|c Roshana binti Aziz
|
| 260 |
|
|
|a Selangor :
|b flo Enterprise ,
|c 2005
|
| 440 |
|
|
|a Siri warisan klasik
|
| 500 |
|
|
|a Children ages 10-12 years old (pink)
|
| 650 |
|
0 |
|a Folk literature
|
| 650 |
|
0 |
|a Folkore
|z Asia
|
| 650 |
|
0 |
|a Tales
|z Asia
|
| 999 |
|
|
|a 0000904490
|b Book
|c Teenagers
|e Cawangan Bandar Tenggara
|
| 999 |
|
|
|a 0000917494
|b Book
|c Children Collection
|e Cawangan Bukit Gambir
|
| 999 |
|
|
|a 0000917495
|b Book
|c Children Collection
|e Cawangan Bukit Gambir
|
| 999 |
|
|
|a 0000917496
|b Book
|c Children Collection
|e Cawangan Bukit Gambir
|
| 999 |
|
|
|a 0000931329
|b Book
|c Children Collection
|e Cawangan Tangkak
|
| 999 |
|
|
|a 0000931330
|b Book
|c Children Collection
|e Cawangan Tangkak
|
| 999 |
|
|
|a 0000931331
|b Book
|c Children Collection
|e Cawangan Tangkak
|
| 999 |
|
|
|a 0000971372
|b Book
|c Children Collection
|e Cawangan Kota Tinggi
|
| 999 |
|
|
|a 0000971374
|b Book
|c Children Collection
|e Cawangan Batu Pahat
|
| 999 |
|
|
|a 0000971375
|b Book
|c Children Collection
|e Perbadanan Perpustakaan Awam Johor
|
| 999 |
|
|
|a 0000971376
|b Book
|c Children Collection
|e Perbadanan Perpustakaan Awam Johor
|
| 999 |
|
|
|a 0001054097
|b Book
|c Children Collection
|e Cawangan Segamat
|
| 999 |
|
|
|a 0001054099
|b Book
|c Children Collection
|e Cawangan Mersing
|